000 00805aam a2200313 i 4500
001 768714001
003 CO-MdFUSB
005 20250521101210.0
007 ta
008 250521t1978 -us |||| |||| 00| 0 eng d
020 _a0-8307-0445-0
040 _cCO-MdFUSB
041 0 _aeng
082 0 4 _223
_a248.4
_bG3948o
100 1 _aGetz, Gene A.
_eautor
245 1 0 _aThe measure of a family
_c/ Gene A. Getz
264 1 _bRegal Books,
_aGledale, CA., USA :
_c[1978]
264 4 _c©1978
300 _a190 páginas
336 _atexto
_btxt
_2rdacontent
337 _2rdamedia
_asin mediación
_bn
338 _2rdacarrier
_avolumen
_bnc
563 _aRústico
650 0 _aVida cristiana
_919
653 _aFamilia cristiana
942 _cBK
945 _aJTF-925
999 _c39160
_d39160